000 00693nam a2200229 a 4500
001 59961
003 BD-RjUL
005 20211209080805.0
008 161228s1970 ii 001 0 eng
035 _a(BD-RjUL)60085
040 _aDLC
_cDLC
_dDLC
_beng
041 _aeng
082 _223
_a363.25
_bHAH 1970
100 1 _aHardless, H. R.
_9178358
245 1 0 _aHandwriting and thumb-print identification and forensic science :
_bwith blocks, illus., sketches, etc. /
_cby H. R. Hardless.
260 _aAllahabad :
_bLaw Book Co.,
_c1970.
300 _axv, 293 p. ;
_c25 cm.
350 _a25.00
650 _aCriminal investigation
_9178343
942 _2ddc
_cBK
999 _c59961
_d59961